| 000 | 00383nam a2200109Ia 4500 | ||
|---|---|---|---|
| 008 | 220615s9999||||xx |||||||||||||| ||und|| | ||
| 245 | 0 |
_aAutonomy and Equality _bRelational Perspectives |
|
| 546 | _aEnglish[eng] | ||
| 650 | _aphilosophy, autonomy, feminist philosophy, political philosophy, ethics, equity, social philosophy | ||
| 700 | _aStoljar, Natalie||Voigt, Kristin | ||
| 942 | _cEB | ||
| 999 |
_c16075 _d16075 |
||